Регионална библиотека "Любен Каравелов" - Русе

Немско-български речник - минимум на лингивстичните термини (Запис номер 149083)

MARC детайли
000 -Лидер
Контролно поле с фиксирана дължина nam a22 a 4500
003 - Код на организацията, давaща контролен номер
Контролно поле BLK
005 - Дата и час на последна редакция
Контролно поле 20230519160155.0
008 - Елементи от данни с фиксирана дължина
fixed length control field 180410b bul|||||r ||||||| ||bul||
010 ## - Наследен системен номер
LC control number KNG00155326000
020 ## - Международен стандартен номер на книга ISBN
Международен стандартен номер на книга ISBN 954-07-0163-5
040 ## - Източник на каталожния запис
Идентификатор на билиотеката - собственик на записа BLK
041 ## - Код за език
Код за езика на текст/звукозапис или на отделно заглавие Немски
Код за езика КДБФ Немски
Други езици Български
080 ## - УДК
Текстов определител УДК Общо езикознание и филология
УДК код - определител по УДК 81
УДК определител (038.1)=30=867
УДК - код + определител 81(038.1)=30=867
080 ## - УДК
Текстов определител УДК Различни категории думи
УДК код - определител по УДК 81`373.4
УДК определител =30=867:801
УДК - код + определител 81`373.4=30=867:801
100 1# - Редна дума - Автор
Автор Павлова, Галина Тодорова
Авторска отговорност първи автор
R(LIN) 250762
139 ## - Редно поле
Редна дума Павлова, Галина Тодорова
Авторски знак Павло - П 13
245 10 - Сведения за заглавието
Заглавие Немско-български речник - минимум на лингивстичните термини
Подзаглавни данни Уч. помагало за студенти
Редно поле (дума) Галина Тодорова Павлова; ред. Ангелина Цонева Минчева.
246 11 - Различни форми на заглавието
Паралелно заглавие Kleines Worterbuch linguistischer Termini (Deutsch-Bulgarisch)
250 ## - Област на изданието
Сведения за изданието 2. изд.
257 ## - Страна на издаване
Страна на създаване/издаване България
260 ## - Област на издателските данни
Място на издаване, разпространение и проч. София
Име на издателя, разпространителя и проч. Унив. изд. Св. Климент Охридски
Година на издаване 1993
300 ## - Физическа характеристика
Страници 151 с.
Размери/Мащаб 20 см
380 ## - Жанр
Жанр Езикознание. Филология
500 ## - Общи забележки
Забележка 1. изд. 1986л - Офс. изд. - 2 065 тир. - Библиогр. с. 157-160. м Именен показалец
650 #4 - Допълнително описание по предмет – тема
Основно описание – тема или топоним Езикознание - терминология - речници, немски
9 (RLIN) 282717
650 #4 - Допълнително описание по предмет – тема
Основно описание – тема или топоним Немски език - речници, немско-български
9 (RLIN) 242798
653 ## - Ключова дума – ненормативна
Ключова дума немски език
653 ## - Ключова дума – ненормативна
Ключова дума български език
653 ## - Ключова дума – ненормативна
Ключова дума лингвистика
653 ## - Ключова дума – ненормативна
Ключова дума терминологични речници
700 1# - Други автори (авторска отговорност)
Лично име Минчева, Ангелина Цонева
Автороска отговорност (Описва отношението между автора и произведението) ред.
9 (RLIN) 375711
852 ## - Местоположение
Форматна сигнатура Цб 175598
Фондова буква Хранилище
856 4# - Електронен адрес и достъп
Електронен формат pdf - файл
Инструкция (цена за достъп) 0.00
Права за достъп disable
856 4# - Електронен адрес и достъп
Електронен формат pdf - файл
Инструкция (цена за достъп) 0.00
Права за достъп disable
999 ## - СИСТЕМНИ КОНТРОЛНИ НОМЕРА
Koha biblionumber 149083
Koha biblioitemnumber 149083
942 ## - АРТИКУЛИ
Вид на библиотечния материал Книги
Скрит в OPAC Не
Периодичен библиозапис Да
944 ## - СЪЗДАВАНЕ И РЕДАКЦИЯ на ЗАПИСА
Създаване/Редакция Създаване
Дата на регистрацията/редакция 07.01.2014
Служител, извършил регистрацията/редакцията Теодора_Стоянова
944 ## - СЪЗДАВАНЕ И РЕДАКЦИЯ на ЗАПИСА
Създаване/Редакция Редакция
Дата на регистрацията/редакция 07.01.2014
999 ## - СИСТЕМНИ КОНТРОЛНИ НОМЕРА
Koha biblioitemnumber 149083
Наличности
Код за отписване Код за изгубен артикул Източник на класификационната схема Код за повреда Коз за рестрикции Код за отдаване Артикулен № Име на библиотеката - собственик Име на библиотеката, в която се намира в момента Статус (Текущо местоположение) Дата на вписване в системата Местоположение - отдел Цена в лева Инвентарен номер Систематично азбучна сигнатура Баркод Номер на екземпляра Цена в евро Служебна бележка Служебен тип на артикула
Изтеглен Не е изгубен Universal Decimal Classification Не е повреден без рестрикции ползва се в читалня 248678 Регионална библиотека "Любен Каравелов" Русе Регионална библиотека "Любен Каравелов" Русе Читалня 3 - справочен фонд 1993-01-01 Читалня 3 - справочен фонд 0.00 594522 С3/801(038.1)/П 13 594522 1 0.00 Дост: Pk Вид: Ф N: стар фонд Дата: 01.01.1993 Дата инв: 13.06.2017 Бележки инв: С32017 Книги
  Не е изгубен Universal Decimal Classification Не е повреден без рестрикции ползва се в читалня 248679 Регионална библиотека "Любен Каравелов" Русе Регионална библиотека "Любен Каравелов" Русе Хранилище 1993-01-01 Хранилище 1.40 584149 Цб 175598 120000584149 2 0.72 Дост: Dp Вид: Д N: стар фонд Дата: 01.01.1993 Книги
Vip Innovations Ltd, Rousse, Bulgaria 2025